Kombinácia disperznej mikroextrakcie kvapalina-kvapalina a QuEChERS na izoláciu rezíduí pesticídov zo vzoriek odevov

Gespeichert in:
Bibliographische Detailangaben
1. Verfasser: Palacka, Dušan (Verfasst von)
Weitere Verfasser: Hrouzková, Svetlana (Betreuung Doktorarbeit)
Format: Manuskript Buch
Sprache:Slowakisch
Veröffentlicht: 2017
Schlagworte:
Online-Zugang:http://is.stuba.sk/zp/portal_zp.pl?podrobnosti=131813
Tags: Tag hinzufügen
Keine Tags, Fügen Sie das erste Tag hinzu!

MARC

LEADER 00000ntm a22000003a 4500
001 stuzp64704
003 SK-STU
005 20170610211205.7
007 ta
008 150427s2015----xo-----f-mn---000-0-slo-d
040 |a STU  |b slo 
041 0 |a slo 
100 1 |a Palacka, Dušan  |u 041000  |4 aut  |U FCHPT Fakulta chemickej a potravinárskej technológie  |T FCHPT Ústav analytickej chémie  |X 60994  |U C1000  |Y 99  |7 60994 
242 0 1 |a Combination of Dispersive Liquid-liquid Microextraction and QuEChERS for Isolation of Pesticide Residues from Clothing Samples  |y eng 
245 1 0 |a Kombinácia disperznej mikroextrakcie kvapalina-kvapalina a QuEChERS na izoláciu rezíduí pesticídov zo vzoriek odevov 
260 |c 2017 
650 4 |a QuEChERS  |2 slo 
650 4 |a mikroextrakcia kvapalina-kvapalina  |2 slo 
650 4 |a GC-MS  |2 slo 
650 4 |a pesticídy  |2 slo 
650 4 |a výťažnosti  |2 slo 
650 4 |a vzorky odevov  |2 slo 
650 4 |a liquid-liquid microextraction  |2 eng 
650 4 |a GC-MS  |2 eng 
650 4 |a pesticides  |2 eng 
650 4 |a GC-MS  |2 eng 
650 4 |a recovery  |2 eng 
650 4 |a clothing samples  |2 eng 
650 4 |a QuEChERS  |2 eng 
650 4 |a QuEChERS  |2 eng 
650 4 |a liquid-liquid microextraction  |2 eng 
650 4 |a pesticides  |2 eng 
650 4 |a recovery  |2 eng 
650 4 |a clothing samples  |2 eng 
700 1 |a Hrouzková, Svetlana  |u 041000  |k Z1  |4 ths  |U FCHPT Fakulta chemickej a potravinárskej technológie  |T FCHPT Ústav analytickej chémie  |X 3892  |U C1000  |Y 99  |7 A000003892 
856 4 |u http://is.stuba.sk/zp/portal_zp.pl?podrobnosti=131813